[Event "ICS rated blitz match"]
[Site "204.178.125.65"]
[Date "1999.08.05"]
[Round "?"]
[White "mkarp"]
[Black "Hossa"]
[Result "0-1"]
[WhiteElo "2139"]
[BlackElo "2426"]
[PlyCount "70"]
[EventDate "1999.??.??"]

1. e4 c5 2. Nf3 e6 3. d4 cxd4 4. Nxd4 d5 5. Bb5+ Bd7 6. exd5 exd5 7. Qe2+ Ne7
8. O-O Qb6 9. Bxd7+ Nxd7 10. Be3 Qxb2 11. Nb5 Qxa1 12. Bd4 Qxa2 13. N1c3 Qb2
14. Nxd5 Qa2 15. Ndc3 Qb2 16. Nd6+ Kd8 17. Nxf7+ Kc8 18. Rb1 Qxb1+ 19. Nxb1 Rg8
20. Qc4+ Nc6 21. Nd6+ Kd8 22. Qxg8 Nxd4 23. Nc3 Rb8 24. Nd5 b5 25. Nb4 Rb6 26.
Ne4 Re6 27. f3 Re8 28. Qd5 Nxf3+ 29. gxf3 Bxb4 30. Qxb5 a5 31. Kf2 Re5 32. Qc6
Ke7 33. c3 Bc5+ 34. Ke2 Rh5 35. Kd3 35... Ne5+ {mkarp resigns} 0-1

[Event "ICS rated blitz match"]
[Site "204.178.125.65"]
[Date "1999.08.05"]
[Round "?"]
[White "Hossa"]
[Black "mkarp"]
[Result "1-0"]
[WhiteElo "2431"]
[BlackElo "2134"]
[PlyCount "89"]
[EventDate "1999.??.??"]

1. d4 Nf6 2. c4 g6 3. Nc3 Bg7 4. e4 d6 5. f3 O-O 6. Be3 Nc6 7. Rb1 e5 8. d5 Ne7
9. b4 Nh5 10. g4 Nf4 11. h4 f5 12. exf5 gxf5 13. g5 Nh5 14. Nge2 f4 15. Bf2 e4
16. Nxe4 Bf5 17. b5 Ng6 18. Qc2 c6 19. bxc6 bxc6 20. dxc6 Ne5 21. Nd4 Qa5+ 22.
Kd1 Bg6 23. Ne6 Nxf3 24. Nxf8 Rxf8 25. Rb5 Qc7 26. Bd3 Ne5 27. Re1 Nxd3 28.
Qxd3 Qxc6 29. Qd5+ Qxd5+ 30. cxd5 Ng3 31. Nxd6 Rd8 32. Re6 Bh5+ 33. Kc2 Nf1 34.
Bxa7 Ne3+ 35. Bxe3 fxe3 36. Nf5 Bg6 37. d6 Rf8 38. d7 e2 39. Rd5 e1=Q 40. Rxe1
Rxf5 41. d8=Q+ Rf8+ 42. Kd2 Rxd8 43. Rxd8+ Kf7 44. Rd7+ Kf8 45. Rf1+ {
mkarp resigns} 1-0

[Event "ICS rated blitz match"]
[Site "204.178.125.65"]
[Date "1999.08.05"]
[Round "?"]
[White "Hossa"]
[Black "mkarp"]
[Result "1-0"]
[WhiteElo "2409"]
[BlackElo "2156"]
[PlyCount "57"]
[EventDate "1999.??.??"]

1. d4 Nf6 2. c4 g6 3. Nc3 Bg7 4. e4 d6 5. f3 O-O 6. Be3 Nc6 7. Rb1 e5 8. d5 Ne7
9. b4 Nh5 10. g4 Nf4 11. h4 f5 12. exf5 gxf5 13. g5 Nh5 14. Nge2 f4 15. Bf2 e4
16. Nxe4 Bf5 17. b5 Ng6 18. Qc2 Qd7 19. Rb3 Rae8 20. Bg2 Bxe4 21. fxe4 f3 22.
Bxf3 Nhf4 23. Nxf4 Rxf4 24. h5 Ne5 25. Bg2 Ref8 26. Bg3 Qg4 27. Bxf4 Rxf4 28.
g6 Rxe4+ 29. Bxe4 {mkarp resigns} 1-0

[Event "ICS rated blitz match"]
[Site "204.178.125.65"]
[Date "1999.08.05"]
[Round "?"]
[White "munin"]
[Black "Hossa"]
[Result "1/2-1/2"]
[WhiteElo "2056"]
[BlackElo "2415"]
[PlyCount "180"]
[EventDate "1999.??.??"]

1. e4 c5 2. c3 d5 3. exd5 Qxd5 4. d4 Nf6 5. Nf3 cxd4 6. cxd4 Bg4 7. Nc3 Qe6+ 8.
Be3 Nbd7 9. Be2 Nd5 10. Nxd5 Qxd5 11. O-O e6 12. h3 Bh5 13. Nd2 Bxe2 14. Qxe2
Rc8 15. Rac1 Rxc1 16. Rxc1 Qxa2 17. Rc8+ Ke7 18. Ne4 Qa1+ 19. Kh2 Qa6 20. Qf3
b6 21. Rc7 Kd8 22. Rc1 Ke7 23. d5 exd5 24. Nc3 Ne5 25. Qxd5 Qa5 26. Nb5 Kf6 27.
Bd4 Kg6 28. Qxe5 f6 29. Qe4+ Kh6 30. Nc3 Bb4 31. Be3+ g5 32. Qe6 Bxc3 33. Rxc3
Kg6 34. Rc6 Rf8 35. Bd4 Qf5 36. Qxf5+ Kxf5 37. Rc7 Rd8 38. Bc3 a5 39. Rxh7 Kg6
40. Rb7 Rd6 41. Kg3 a4 42. f3 Kf5 43. h4 Kg6 44. hxg5 Kxg5 45. Ra7 b5 46. Ra5
Rd5 47. Ra6 Rf5 48. Rb6 Kg6 49. f4 Kf7 50. Kg4 Rd5 51. g3 f5+ 52. Kg5 Ke7 53.
Rf6 Rd3 54. Kxf5 Rxg3 55. Rb6 Kd7 56. Rxb5 a3 57. Ra5 axb2 58. Bxb2 Rg2 59. Be5
Rg8 60. Ra6 Re8 61. Kg6 Ke7 62. Bf6+ Kd7 63. f5 Re2 64. Bg7 Rg2+ 65. Kf7 Rf2
66. f6 Rb2 67. Kg8 Rb8+ 68. Kh7 Rb4 69. Ra1 Rf4 70. Re1 Kd6 71. Kg8 Rf3 72. f7
Kc6 73. f8=Q Rd3 74. Qe8+ Kd6 75. Re2 Rh3 76. Qe6+ Kc5 77. Rd2 Rh5 78. Qd6+ Kb5
79. Rc2 Ka5 80. Qc6 Kb4 81. Qb7+ Ka3 82. Rc8 Ra5 83. Ra8 Rxa8+ 84. Qxa8+ Kb3
85. Qd5+ Kc2 86. Qe4+ Kb3 87. Qe3+ Kb4 88. Qd3 Kc5 89. Kf7 Kb6 90. Ke6 90...
Kc6 {munin ran out of time and Hossa has no material to mate} 1/2-1/2

[Event "ICS rated blitz match"]
[Site "204.178.125.65"]
[Date "1999.08.05"]
[Round "?"]
[White "Hossa"]
[Black "Bull"]
[Result "1-0"]
[WhiteElo "2403"]
[BlackElo "2214"]
[PlyCount "35"]
[EventDate "1999.??.??"]

1. d4 b5 2. e4 Bb7 3. f3 b4 4. Bd3 e6 5. Be3 a5 6. Ne2 Nf6 7. Bg5 Be7 8. e5 Nd5
9. Bxe7 Qxe7 10. Qd2 c5 11. dxc5 Qxc5 12. Qg5 O-O 13. Nd2 h6 14. Qg3 Ne3 15.
Rc1 Ba6 16. Ne4 Qd4 17. Nxd4 Bxd3 18. cxd3 {Bull resigns} 1-0

[Event "ICS rated blitz match"]
[Site "204.178.125.65"]
[Date "1999.08.05"]
[Round "?"]
[White "Hossa"]
[Black "Bull"]
[Result "1-0"]
[WhiteElo "2419"]
[BlackElo "2198"]
[PlyCount "95"]
[EventDate "1999.??.??"]

1. d4 b5 2. e4 Bb7 3. f3 b4 4. Bd3 e6 5. Be3 Nf6 6. Ne2 a5 7. O-O Na6 8. c4
bxc3 9. Nbxc3 c5 10. Bxa6 Bxa6 11. dxc5 Qc7 12. Qd4 Rc8 13. e5 Ng8 14. f4 Bxc5
15. Qxc5 Qxc5 16. Bxc5 Rxc5 17. Rfe1 Ne7 18. Nd4 O-O 19. Nb3 Rc4 20. Nxa5 Rxf4
21. Rad1 Nc6 22. Nb3 Nb8 23. Nc5 Bc8 24. Nd3 Rf5 25. Ne4 f6 26. Nd6 fxe5 27.
Nxf5 Rxf5 28. Nxe5 d6 29. Rxd6 Rf8 30. Rb6 Nd7 31. Rxe6 Nc5 32. Re7 h6 33. Ng6
Rd8 34. Re8+ Rxe8 35. Rxe8+ Kf7 36. Rxc8 Ne4 37. Nh8+ Kf6 38. Rf8+ Ke7 39. Rf7+
Ke6 40. Rxg7 Nd2 41. Rg6+ Kf5 42. Rxh6 Nc4 43. Rh5+ Kg4 44. Rb5 Nd2 45. Ng6 Ne4
46. h3+ Kg3 47. Rb3+ Nc3 48. Rxc3# {Bull checkmated} 1-0

[Event "ICS rated blitz match"]
[Site "204.178.125.65"]
[Date "1999.08.05"]
[Round "?"]
[White "AtticusFinch"]
[Black "Hossa"]
[Result "1/2-1/2"]
[WhiteElo "2063"]
[BlackElo "2426"]
[Annotator "Fritz 5.32 (17s)"]
[PlyCount "20"]
[EventDate "1999.??.??"]

1. e4 c5 2. d4 cxd4 3. c3 dxc3 4. Nxc3 Nc6 5. Nf3 5... f5 $11 (5... d6 6. Bc4
a6 (6... e6 7. O-O Nf6 8. Qe2 a6 9. Rd1 Qa5 10. Bb3 Ne5 11. Nd4 Bd7 12. f4 Nc6
13. Nf3 Be7 14. h3 O-O 15. e5 Ne8 16. Be3 d5 17. Qf2 Rc8 18. Bb6 Qb4 19. Bxd5
Na5 20. a3 Qxb6 21. Qxb6 {
Absin,E-Nodado,J/Masters, Manila PHI (1) 1996/1-0 (49)}) 7. O-O Nf6 8. e5 (8.
a3 e6 9. Qe2 b5 10. Ba2 Ra7 11. Rd1 Rd7 12. b4 Be7 13. Bf4 O-O 14. h3 Bb7 15.
Rd2 Qb8 16. Rad1 Rdd8 17. Bb1 Ne5 18. Bxe5 dxe5 19. Rxd8 Rxd8 20. Rxd8+ Qxd8
21. Qd3 Qc7 22. Nd2 22... g6 {
Hedke,F-Schlosser,P/Koop Tjuchem (open), Groningen NED 1996/0-1 (58)}) 8...
dxe5 9. Qxd8+ Nxd8 10. Nxe5 e6 11. Rd1 Be7 12. Be3 O-O 13. Bb6 Nc6 14. Nxc6
bxc6 15. Rac1 Rb8 16. Na4 Nd5 17. Ba7 Ra8 18. Bd4 Rb8 19. b3 Bb7 20. Ba7 {
Le Bourhis,D-Hortillosa,A/7th NATO, Viborg DEN 1996/1-0 (51)}) (5... e6 6. Bc4
Nf6 7. Bg5 d6 8. O-O a6 9. Rc1 Be7 10. Qe2 O-O 11. Rfd1 Qa5 12. Bb3 Rd8 13. h3
Bd7 14. Bf4 Be8 15. g4 h6 16. Kh1 Rac8 17. Rg1 Nh7 18. h4 g5 19. Be3 Ne5 20.
Nd4 {Manhardt,T-Vallejo Pons,F/w-u18 boys, Guarapuava BRA (3) 1995/0-1 (31)}) (
5... e5 $5 $15 {ist interessant}) 6. exf5 Nf6 7. Bc4 Na5 8. Bd3 Nc6 9. Bc4 $11
(9. O-O 9... e5 $14) 9... Na5 10. Bd3 $11 (10. Be2 10... Qb6 $14) 10... Nc6
1/2-1/2

[Event "ICS rated blitz match"]
[Site "204.178.125.65"]
[Date "1999.08.05"]
[Round "?"]
[White "Hossa"]
[Black "populio"]
[Result "1-0"]
[WhiteElo "2414"]
[BlackElo "2146"]
[Annotator "Fritz 5.32 (17s)"]
[PlyCount "19"]
[EventDate "1999.??.??"]

1. d4 g6 2. c4 Bg7 3. e4 d6 4. Nc3 e5 5. d5 Nf6 6. f3 Nh5 7. Be3 O-O 8. g4 (8.
Qd2 Qh4+ 9. Bf2 Qf4 10. Be3 Qh4+ 11. Bf2 11... Qf4 {
- Vaganian,R-Akopian,V/It, Erevan ARM (5) 1996 (11)}) 8... Nf4 9. Bxf4 $15 (9.
Qd2 Nd7 10. Nge2 Nxe2 11. Nxe2 a6 12. Ng3 b5 13. h4 bxc4 14. h5 Re8 15. Bxc4
Nf8 16. O-O-O Bd7 17. Rdg1 Bb5 18. Bb3 Qd7 19. Bh6 Bf6 20. Nf5 Qd8 21. Kb1 g5
22. Rc1 Nd7 23. Qa5 Nc5 24. Bd1 Ra7 25. a4 Bd7 26. b4 Nd3 27. Rc3 Nf4 28. Rh2
Qb8 29. Rhc2 Bd8 30. Rc6 Bxc6 31. dxc6 Bf6 32. Rc4 Rd8 33. Bb3 Ra8 34. Rc3 Qa7
35. Ne3 Ne6 36. Nd5 Bg7 37. Bxg7 Kxg7 38. Bc4 Rf8 39. Ne3 Kh8 40. Nf5 Rab8 41.
Rb3 Rb6 42. Qd5 Nf4 43. Qa5 Rxc6 44. Bd5 Qg1+ 45. Ka2 Rc1 46. Rb2 Ra1+ 47. Kb3
Qd1+ 48. Rc2 Rb1+ 49. Kc3 49... Qd3# {
0-1 Cernousek,L-Bernasek,J/GP Mladi Open, Litomysl CZE 1997 (49)}) (9. Nge2 $5
$11 {ist bedenkenswert} 9... f5 10. gxf5 gxf5 11. h4 Na6 12. Qd2 Nc5 13. Nxf4
exf4 14. Bd4 Be5 15. O-O-O Qf6 16. Bxe5 Qxe5 17. Rg1+ Kh8 18. Re1 Bd7 19. b4
Na4 20. Kc2 a5 21. b5 Nc5 22. Bh3 fxe4 23. Nxe4 Bxh3 24. Nxc5 Bf5+ 25. Ne4 b6
26. Qc3 Rae8 27. Qxe5+ Rxe5 28. Kd3 Rg8 29. Kd4 Rg6 30. Ng5 Rxe1 31. Rxe1 h6
32. Ne6 Rg3 33. Rf1 Bxe6 34. dxe6 Kg7 35. Kd5 Kf6 36. Kc6 Rg7 37. Re1 Re7 38.
Kd5 Kf5 39. Re4 a4 40. a3 h5 41. Re2 Kf6 42. Re1 42... Kf5 {
1-0 Badano,A-Elman,C/Argentino tt, Buenos Aires (2) 1995 (42)}) (9. h4 f5 10.
exf5 gxf5 11. g5 Nh5 12. Nge2 f4 13. Bf2 Bf5 14. Bh3 Qd7 15. Bxf5 Qxf5 16. Ne4
Nd7 17. Qd3 Kh8 18. O-O-O b6 19. N2c3 Nc5 20. Nxc5 bxc5 21. Qxf5 Rxf5 22. Nb5
Rf7 23. Rd3 a6 24. Ra3 Ng3 25. Re1 Nf5 26. Nc3 Ng3 27. Rg1 h6 28. Bxg3 fxg3 29.
Ne4 Rf4 30. h5 hxg5 31. Rxg3 Rh4 32. Rb3 Rxh5 33. Rb7 Rc8 34. Kc2 Bh6 35. Kb3
Kg7 36. Nxd6 {1-0 Vujovic,M-Marino,D/op, Robecchetto (1) 1996 (36)}) 9... a5 $4
$18 {vergibt den Vorteil} (9... exf4 $142 {war noch moeglich} 10. Nh3 Qh4+ 11.
Nf2 Bxc3+ 12. bxc3 12... Re8 $15) 10. Bg3 (10. Bg3 Na6 11. Nge2 $18) 1-0

[Event "ICS Rated blitz match"]
[Site "204.178.125.65"]
[Date "1999.08.05"]
[Round "?"]
[White "Nc3-4Me"]
[Black "Hossa"]
[Result "0-1"]
[WhiteElo "2097"]
[BlackElo "2420"]
[Annotator "Fritz 5.32 (17s)"]
[PlyCount "34"]
[EventDate "1999.??.??"]

1. Nc3 Nf6 2. d4 d5 3. e4 Nxe4 (3... e6 4. e5 Nfd7 5. f4 c5 6. Nf3 Nc6 7. Be3
a6 8. Qd2 b5 9. O-O-O Qa5 10. Kb1 Rb8 11. Ne2 b4 12. dxc5 Bxc5 13. Nfd4 Qb6 14.
Nc1 Na5 15. h4 Qc7 16. Qf2 Bxd4 17. Bxd4 Nc4 18. h5 {
Hoogendoorn,J-Van Haastert,E/NED-ch 1996/Inf 01/0-1 (39)}) 4. Nxe4 dxe4 5. Bc4
5... Nc6 $146 (5... g6 6. f3 Bg7 7. Be3 (7. c3 c5 8. d5 exf3 9. Nxf3 O-O 10.
Bg5 Bg4 11. Qe2 Re8 12. O-O Nd7 13. d6 Bf6 14. Rae1 e6 15. Bxf6 Qxf6 16. Qe3
Bxf3 17. Rxf3 Qg7 18. Bb5 Red8 19. Bxd7 Rxd7 20. Qxc5 Rad8 21. Rd1 21... b6 {
Stephens,M-Lloyd,A/Bekker Scheveningen 1996/1-0 (36)}) 7... O-O 8. fxe4 e5 9.
Nf3 Qe7 10. O-O Be6 11. d5 Bg4 12. h3 Bxf3 13. Rxf3 Nd7 14. Qe2 Qd6 15. Raf1 f6
16. Kh1 Kh8 17. Bb5 Rad8 18. Bxd7 Rxd7 19. c4 c5 20. b4 b6 21. bxc5 bxc5 22.
Qf2 Rc8 23. Rb1 Qa6 24. Rb5 Rb7 25. Rxf6 Bxf6 26. Rxb7 Qxb7 27. Qxf6+ Qg7 28.
Qe6 Rf8 29. Bxc5 Rf6 30. Qe8+ Qg8 31. Qxe5 Qg7 32. Qb8+ Qg8 33. Qxa7 Qf7 34.
Qb8+ Qg8 35. Qb2 {
1-0 Burden,J-Thorfinnsson,B/2nd G Arason, Hafnarfjordur ICE 1996 (35)}) (5...
Bf5 6. Ne2 e6 7. Ng3 Bd6 8. Nxf5 exf5 9. O-O Nd7 10. f3 O-O 11. fxe4 fxe4 12.
Qh5 Nf6 13. Qe2 h6 14. c3 Qe7 15. Be3 Kh7 16. Rf5 g6 17. Rf2 Nh5 18. g4 Ng7 19.
Raf1 f5 20. Qd2 Rae8 21. Rg2 f4 22. Bxf4 e3 23. Bxd6 23... Rxf1+ {
0-1 Partsi,D-Switzer,T/Suncoast AUS 1999 (23)}) (5... Qd6 6. c3 $17) 6. c3 {
Ueberdeckt b4} 6... e5 {Schwarz fuehrt die Partie kraftvoll zu Ende} 7. Qb3 $17
(7. d5 $5 7... Nb8 8. Qh5 $15) 7... Qd7 (7... exd4 $4 {
den sollte Schwarz lieber stehen lassen} 8. Bxf7+ Ke7 9. Bg5+ Kd7 10. Qe6#) 8.
Bb5 exd4 9. Ne2 (9. Qc4 $5 $19 $142) 9... d3 10. Nd4 Bc5 (10... a6 11. Bxc6
bxc6 12. Qa4 $19) 11. Nxc6 (11. Be3 O-O 12. Nxc6 12... Bxe3 $19 (12... bxc6 $6
13. Bxc5 Rd8 14. Ba4 $15)) 11... bxc6 12. Bc4 O-O 13. O-O $2 (13. Bd2 $19)
13... d2 14. Bxd2 Qxd2 15. Rad1 (15. Qa4 {aendert nichts am Ausgang der Partie}
15... Qh6 $19) 15... Qf4 16. g3 (16. Qc2 {
wuerde die Partie noch etwas verlaengern} 16... Bf5 17. Qa4 $19) 16... Qf3 {
Droht Matt: Bh3} 17. Rd2 (17. Be2 {lenkt den Gegner vielleicht noch ab} 17...
Qxe2 18. Ra1 $19) 17... Bh3 (17... Bh3 18. Bxf7+ Kh8 19. Rfd1 Qg2#) 0-1

[Event "ICS rated blitz match"]
[Site "204.178.125.65"]
[Date "1999.08.05"]
[Round "?"]
[White "Hossa"]
[Black "brutus"]
[Result "1-0"]
[WhiteElo "2424"]
[BlackElo "2086"]
[Annotator "Fritz 5.32 (17s)"]
[PlyCount "153"]
[EventDate "1999.??.??"]

1. d4 Nf6 2. c3 d5 3. Bf4 (3. e3 Bf5 4. f4 e6 5. Nf3 a6 6. Be2 c5 7. O-O Nbd7
8. Nbd2 Be7 9. Ne5 h5 10. b3 h4 11. Bb2 Qc7 12. Rc1 g5 13. c4 gxf4 14. Nxd7
Qxd7 15. exf4 {- Bravo,L-Smeyts,P/Bad Zwesten GER 1999 (15)}) 3... Bf5 (3... c6
4. e3 Qb6 5. Qb3 Nh5 6. Bg5 h6 7. Bh4 g5 8. Be2 Ng7 9. Bg3 Nf5 10. Be5 f6 11.
Bh5+ Kd8 12. Bxb8 Rxb8 13. Qxb6+ axb6 14. Nd2 Nd6 15. f4 Bf5 16. Be2 Rg8 17. g4
Bd7 18. h3 {Sorensen,H-Borge,N/Politiken, Copenhagen DEN (2) 1996/0-1 (44)}) 4.
e3 e6 5. Qb3 $146 (5. Nf3 Be7 6. Bd3 Bxd3 7. Qxd3 O-O 8. Nbd2 Nh5 9. Bg3 Nd7
10. O-O c5 11. Rfe1 Nxg3 12. hxg3 Rc8 13. Rad1 Nf6 14. e4 Qb6 15. exd5 Nxd5 16.
Qb1 cxd4 17. Nxd4 Nf6 18. N2f3 Bc5 19. Re2 19... Qc7 {
Pam,M-M CHESS PRO/AEGON, The Hague NED 1997/0-1 (53)}) 5... Qc8 6. Be2 Be7 7.
Nf3 O-O 8. O-O (8. c4 8... Nc6 $11) 8... c5 9. Ng5 9... c4 {
Schwarz engt den Gegner ein} 10. Qd1 Nc6 11. Nd2 b5 12. a4 a6 13. axb5 axb5 14.
b3 {Die Oeffnung der a-Linie verschafft Schwarz Drohungen} 14... Rxa1 15. Qxa1
Qb7 16. e4 $15 {Spiel gegen die Bauernkette} (16. Qb2 $5 16... cxb3 17. Qxb3
$11) 16... dxe4 17. bxc4 bxc4 18. Nxc4 $17 (18. Be3 Ra8 19. Qe1 19... Na5 $17)
18... Ra8 19. Qe1 h6 20. Nh3 Bxh3 21. gxh3 {Kontrolliert g4} 21... Na5 22. Qb1
$17 (22. Ne3 $5 $15) 22... Qxb1 23. Rxb1 Nxc4 24. Bxc4 Rc8 25. Rb8 Rxb8 26.
Bxb8 Nd5 27. Bxd5 exd5 28. Kf1 f5 29. Be5 Kf7 30. Ke2 g6 31. Bf4 h5 32. Be5 Ke6
33. Ke3 Kd7 34. Kf4 34... Ke6 $11 (34... Kc6 $17 $142) 35. Ke3 Ba3 36. h4 Bc1+
37. Ke2 Kd7 38. Bf6 Kc6 39. Bg5 Bb2 (39... Bxg5 40. hxg5 Kb5 41. Kd1 $19) 40.
Kd2 Kb5 41. Kc2 Ba3 42. h3 (42. Kb3 42... Bd6 $19) 42... Kc4 43. Bf4 (43. Bf6
f4 44. Be5 44... f3 $19) 43... Be7 44. Bg5 (44. Bg3 $19) 44... Bd6 (44... Bxg5
$142 {und Schwarz gewinnt} 45. hxg5 45... h4 $19) 45. Bc1 (45. Bf6 45... f4 $19
) 45... Bh2 46. Bd2 Bg1 47. Be1 (47. Be3 $19) 47... Bh2 $11 (47... f4 $142 {
und Weiss kann direkt aufgeben} 48. Kd2 48... f3 $19) 48. Bd2 Bc7 49. Be3 (49.
Be1 49... Bd8 $19) 49... f4 (49... Bd8 $5 {laesst dem Gegner kaum Chancen} 50.
Kd2 $19) 50. Bc1 f3 51. Be3 Bd6 52. Bc1 (52. Bh6 {
macht keinen grossen Unterschied} 52... Bg3 53. Be3 53... Bxh4 $19) 52... Bg3
53. Be3 (53. fxg3 f2 54. g4 f1=Q 55. g5 Qe2+ 56. Bd2 e3 57. Kb2 exd2 58. Ka3
d1=R 59. Ka4 Ra1#) 53... Bxh4 54. Kd2 Bd8 55. Kc2 g5 56. Bc1 (56. Kd1 {
kann das Vorangegangene nicht ungeschehen machen} 56... Kxc3 57. Ke1 57... Bf6
$19) 56... g4 57. hxg4 h4 58. g5 h3 59. g6 Bf6 60. Bf4 60... Kb5 $17 (60... e3
$142 {machte sofort alles klar} 61. Bxe3 61... h2 $19) 61. Be5 $4 $19 {
Weiss zeigt sich dem Druck nicht mehr gewachsen} (61. Kd2 $17 $142) 61... Bxe5
$15 (61... e3 $142 {sichert den Gewinn} 62. Bxf6 62... exf2 $19) 62. dxe5 {
Der Freibauer e5 ist ein wichtiges Motiv} 62... h2 $16 (62... e3 $5 $142 {
und Schwarz spielt mit} 63. g7 63... exf2 $11) 63. g7 h1=Q 64. g8=Q Qg2 (64...
Kc5 65. Qc8+ Kb6 66. Qb8+ Kc6 67. Qd6+ Kb7 68. Qxd5+ Kc7 69. Qxe4 69... Qg2 $18
) 65. Qxd5+ Kb6 66. Qd4+ (66. Qxe4 $6 66... Qxf2+ 67. Kb3 Qe2 68. Qd4+ Kc6 69.
Qd6+ Kb7 70. Qd5+ 70... Kb6 $11) 66... Kc7 67. e6 {Droht entscheidend Qc5} (67.
Qxe4 $6 {ist deutlich schlechter} 67... Qxf2+ 68. Kd3 Qf1+ 69. Kd4 Qg1+ 70. Kd5
Qd1+ 71. Kc5 Qg1+ 72. Kd5 Qd1+ 73. Kc5 Qg1+ 74. Kd5 $11) 67... Qf1 (67... Qg8
68. Qd7+ 68... Kb8 $18) 68. Qd7+ (68. Qxe4 Qxf2+ 69. Kd3 Qf1+ 70. Kd4 Qd1+ 71.
Qd3 Qxd3+ 72. Kxd3 72... f2 $11) 68... Kb6 69. e7 Qe2+ (69... Qxf2+ 70. Kb3 Qf1
71. Qd8+ Kb7 72. e8=Q Qb1+ 73. Ka3 Qc1+ 74. Kb4 Qb2+ 75. Kc4 Qh2 76. Qxe4+ Ka7
77. Qea8#) 70. Kb3 {Es droht Matt} 70... Qb5+ 71. Qxb5+ Kxb5 72. c4+ Kc5 73.
Kc2 (73. e8=Q $5 $142 {damit wuerde Weiss es sich noch erleichtern} 73... Kd4
74. Qb5 Kd3 75. c5+ 75... Kd2 $18) 73... Kxc4 74. Kd2 Kd5 75. Ke3 Kd6 76. e8=Q
{Droht Matt} 76... Kc5 77. Qe7+ (77. Qe7+ Kd5 78. Qxe4+ Kc5 79. Qe5+ Kc4 80.
Qa5 Kb3 81. Kd3 Kb2 82. Qb6+ Ka3 83. Kc3 Ka4 84. Qb4#) (77. Qxe4 Kb6 78. Kd3
Kc5 79. Qe6 Kb5 80. Kd4 Kb4 81. Qb6+ Ka4 82. Kc4 Ka3 83. Qb3#) 1-0

[Event "ICS rated blitz match"]
[Site "204.178.125.65"]
[Date "1999.08.05"]
[Round "?"]
[White "brutus"]
[Black "Hossa"]
[Result "0-1"]
[WhiteElo "2082"]
[BlackElo "2428"]
[Annotator "Fritz 5.32 (17s)"]
[PlyCount "42"]
[EventDate "1999.??.??"]

1. e4 c5 2. Nf3 e6 3. d4 cxd4 4. Nxd4 d5 (4... a6 5. Bd3 g6 6. b3 Bg7 7. Bb2
Nf6 8. O-O O-O 9. Nd2 Nh5 10. Re1 b6 11. Nc4 Bb7 12. Nd6 Qc7 13. e5 Nf4 14. Be4
Bxe4 15. Rxe4 Nd5 16. c4 f5 17. Re1 Ne7 18. Nf3 Nbc6 19. Qd2 {
Ivanchuk,V-Shirov,A/Amber Rapid, Monte Carlo (8) 1996/1-0 (33)}) (4... Nc6 5.
Be3 Nf6 6. Nd2 d6 7. Be2 Be7 8. O-O O-O 9. f4 Qc7 10. Kh1 Bd7 11. c4 a6 12. Qe1
e5 13. Nf5 Bxf5 14. exf5 d5 15. fxe5 Qxe5 16. Bf4 Qxf5 17. Bg3 Qe6 18. Qf2 Bb4
19. Bf3 {Berg,E-Doettling,F/op, Hallsdall NOR (7) 1996/0-1 (58)}) 5. e5 Nc6 6.
f4 6... Nxd4 $146 (6... Qb6 7. Nb3 Nh6 8. c3 Be7 9. Bd3 f6 10. exf6 Bxf6 11.
Qe2 O-O 12. Be3 d4 13. Bf2 e5 14. O-O Ng4 15. cxd4 exf4 16. Nc3 Nxf2 17. Qxf2
Bxd4 18. Nxd4 Qxd4 19. Qxd4 Nxd4 20. Rad1 Nc6 21. Be4 Bg4 22. Rd6 Rad8 23. Rxd8
Nxd8 24. Nb5 24... Be2 {0-1 Cvicela,A-Kogan,A/Nat. Ch. Open (7) 1995 (24)}) 7.
Qxd4 Bd7 8. Bd3 Qa5+ 9. Bd2 Bc5 10. Bxa5 Bxd4 11. Bc3 Bc5 12. Bd2 f6 13. exf6
$15 (13. Rf1 13... Rc8 $11) 13... Nxf6 14. Nc3 O-O 15. O-O-O $15 (15. Rd1 15...
Bc6 $11) 15... Ng4 16. Rde1 Nf2 17. Rhf1 Nxd3+ 18. cxd3 Rac8 19. Kb1 g6 20. Be3
$4 $19 (20. Rc1 $11 $142 {nur damit konnte man noch auf Rettung hoffen}) 20...
Bxe3 21. Rxe3 (21. Nxd5 Bc5 22. Nc3 22... Bc6 $19) 21... d4 (21... d4 22. Re5
22... dxc3 $19) 0-1

[Event "ICS rated blitz match"]
[Site "204.178.125.65"]
[Date "1999.08.05"]
[Round "?"]
[White "Hossa"]
[Black "brutus"]
[Result "1-0"]
[WhiteElo "2432"]
[BlackElo "2078"]
[Annotator "Fritz 5.32 (17s)"]
[PlyCount "67"]
[EventDate "1999.??.??"]

1. d4 Nf6 2. c3 d5 3. Bf4 e6 (3... c6 4. e3 Qb6 5. Qb3 Nh5 6. Bg5 h6 7. Bh4 g5
8. Be2 Ng7 9. Bg3 Nf5 10. Be5 f6 11. Bh5+ Kd8 12. Bxb8 Rxb8 13. Qxb6+ axb6 14.
Nd2 Nd6 15. f4 Bf5 16. Be2 Rg8 17. g4 Bd7 18. h3 {
Sorensen,H-Borge,N/Politiken, Copenhagen DEN (2) 1996/0-1 (44)}) 4. e3 c5 5.
Bxb8 Rxb8 6. Qa4+ $146 (6. Nf3 Bd7 7. Ne5 Bd6 8. Nd2 O-O 9. Bd3 b5 10. O-O b4
11. f4 bxc3 12. bxc3 Bb5 13. Bxb5 Rxb5 14. a4 Rb7 15. a5 Qc7 16. a6 Rb6 17. Qa4
Rfb8 18. Rab1 cxd4 19. Qxd4 Rxa6 20. Ndf3 20... h6 {
Brouwers,S-Kudinov,D/op, Soest NED (6) 1996/ - (64)}) 6... Bd7 7. Qxa7 7... Bc6
$4 $11 {wirft den Vorteil weg} (7... c4 $142 8. b4 Ra8 9. Qxb7 9... Ne4 $19) 8.
dxc5 Ne4 9. b4 Be7 (9... Ra8 $5 10. Qb6 10... Qf6 $14) 10. Bd3 $4 $19 {
danach kann Weiss alle Traeume begraben} (10. Qa3 $16 $142) 10... O-O $4 $18 {
vergibt den sicheren Gewinn} (10... Ra8 $142 {
und aller Vorteil laege nun bei Schwarz} 11. Qb6 Qc8 12. Bxe4 12... dxe4 $19)
11. Bxe4 $11 (11. Qa3 $18 $142) 11... dxe4 $16 (11... Ra8 $5 $142 {
muss erwogen werden} 12. Qxa8 12... Qxa8 $11) 12. Ne2 $4 $19 {
gibt den Vorteil aus der Hand} (12. Qa3 $16 $142) 12... Qd3 $4 $16 {
danach wendet sich das Blatt} (12... Ra8 $142 {mit klarem Vorteil fuer Schwarz}
13. Qb6 13... Qc8 $19) 13. Nc1 $4 $19 {wirft den Vorteil weg} (13. Qa3 $16 $142
) 13... Qc4 $4 $16 {wild schwanken die Waagschalen...} (13... Qc2 $142 {
und nichts geht mehr} 14. Qa3 14... Ra8 $19) 14. Qa3 Rfd8 15. Qb3 Qa6 16. a4
Bd5 17. Qd1 Bc4 18. Nd2 Bf6 19. Qc2 19... Rxd2 $2 $18 (19... Bd3 $142 20. Nxd3
20... exd3 $16) 20. Qxd2 Rd8 21. Qb2 Qc6 22. Ne2 $4 $16 {
danach kann Weiss alle Traeume begraben} (22. Ra3 $18 $142 {
entschiede die Partie sofort}) 22... Qd5 $2 $18 (22... Bxe2 $142 23. Kxe2 23...
Qd5 $16) 23. Nf4 Qf5 24. h3 g5 (24... Bh4 25. Rh2 $18) 25. Nh5 Be5 26. Rd1 {
Mit der Mattdrohung Rxd8} 26... Rd5 27. Rxd5 (27. Rd2 {ginge schneller} 27...
Rd3 $18) 27... exd5 28. Qd2 Qg6 29. g4 Qa6 30. a5 Qb5 (30... Bd3 31. f4 $1 {
entscheidend} 31... exf3 $18) 31. f4 (31. Ng3 {gibt noch groesseren Vorteil}
31... Qa4 32. Qb2 32... Bb3 $18) 31... exf3 32. Kf2 $1 {das wars} 32... Be2 (
32... Bb3 33. Kxf3 33... Qc4 $18) 33. Qxd5 Bxc3 (33... Qe8 {
bot noch bessere Widerstandsmoeglichkeiten} 34. Qxb7 34... h6 $18) 34. Qd8+ (
34. Qd8+ 34... Qe8 $5 35. Qxe8#) 1-0